000 01089nam a2200313 i 4500
001 193064
003 ES-MaACL
005 20240707063035.0
007 ta
008 230727t2018 sp ||||| |||| 00| 0 spa d
017 _aNA 887-2018
040 _bspa
_cES-MaACL
100 _aGarcía Turcan, Alexandre
_9233891
245 1 0 _aEn defensa del pueblo chino /
_cAlexandre García Turcan.
260 _a[s.l.] :
_bTemplando el acero,
_c[2018]
300 _a337 p. ;
_c22 cm
336 _2rdacontent
_aTexto
337 _2rdamedia
_asin mediación
338 _2rdacarrier
_avolumen
500 _aCatalogación provisional. Signatura: N 8555. Depósito J.
651 4 _98064
_aChina-
_xUsos y costumbres
651 7 _9145406
_aChina-
_xHistoria
852 _aES-MaACL
_9200369
_bR.152710
_jN-8555
_cDEPOJ
_hDonación: Editorial
_zEn proceso
942 _n0
_cMONOGRAFIA
999 _c193064
_d193064